Ausgewahlte Etuden fur Horn (Запис номер 350282)
[ съкратено ]
| 000 -Лидер | |
|---|---|
| Контролно поле с фиксирана дължина | ncm a22 a 4500 |
| 003 - Код на организацията, давaща контролен номер | |
| Контролно поле | BLK |
| 005 - Дата и час на последна редакция | |
| Контролно поле | 20200427160753.0 |
| 008 - Елементи от данни с фиксирана дължина | |
| fixed length control field | 200329b bu ||||| |||| 00| 0 bu d |
| 040 ## - Източник на каталожния запис | |
| Идентификатор на билиотеката - собственик на записа | BLK |
| 041 ## - Код за език | |
| Код за езика на текст/звукозапис или на отделно заглавие | Немски |
| Код за езика КДБФ | Немски |
| 080 ## - УДК | |
| Текстов определител УДК | Обой, английски рог, любовен обой. Гами, етюди, нач. школи |
| УДК код - определител по УДК | 788.7.087.5 |
| УДК определител | 788.7.087.5 |
| 100 ## - Редна дума - Автор | |
| R(LIN) | 407690 |
| Автор | Белоли, Агустино |
| Авторска отговорност | първи автор |
| 139 ## - Редно поле | |
| Редна дума | Белоли, Агустино |
| Авторски знак | Бел - Б 33 |
| 245 ## - Сведения за заглавието | |
| Заглавие | Ausgewahlte Etuden fur Horn |
| Редно поле (дума) | Agostino Belloli; hrsg. von Peter Damm |
| Том | Heft 1 |
| Заглавие на том | Sechs ausgewahlte Etuden |
| Подзаглавни данни | Heft 1-3 |
| 257 ## - Страна на издаване | |
| Страна на създаване/издаване | Германия |
| 260 ## - Област на издателските данни | |
| 9 (RLIN) | 402638 |
| Място на издаване, разпространение и проч. | Leipzig |
| Име на издателя, разпространителя и проч. | Friedrich Hofmeister |
| Година на издаване | 1970 |
| 300 ## - Физическа характеристика | |
| Размери/Мащаб | 30 см |
| 380 ## - Жанр | |
| Жанр | Изкуство |
| 490 ## - СЕРИИ (Колекции) | |
| 9 (RLIN) | 403029 |
| Име на серия | Hofmeister Studienwerke |
| 650 #0 - Допълнително описание по предмет – тема | |
| 9 (RLIN) | 403118 |
| Основно описание – тема или топоним | Английски рог - гами, етюди |
| 653 #0 - Ключова дума – ненормативна | |
| 9 (RLIN) | 403119 |
| Ключова дума | английски рог |
| 653 #7 - Ключова дума – ненормативна | |
| 9 (RLIN) | 186510 |
| Ключова дума | етюди |
| 700 ## - Други автори (авторска отговорност) | |
| 9 (RLIN) | 124 |
| Лично име | Damm. Peter |
| Автороска отговорност (Описва отношението между автора и произведението) | hrsg. |
| 760 ## - Описание на основната серия | |
| Редна дума на основното описание | Belloli, Agostino |
| Страници - том | 21 с. |
| Част - том | Heft 1 |
| 852 ## - Местоположение | |
| Форматна сигнатура | Цб М ІІ 9233 |
| Фондова буква | Отдел Изкуство - подръчен фонд |
| 999 ## - СИСТЕМНИ КОНТРОЛНИ НОМЕРА | |
| Koha biblionumber | 350282 |
| Koha biblioitemnumber | 350282 |
| 942 ## - АРТИКУЛИ | |
| Вид на библиотечния материал | Нотни издания |
| Скрит в OPAC | Не |
| Периодичен библиозапис | Да |
| 944 ## - СЪЗДАВАНЕ И РЕДАКЦИЯ на ЗАПИСА | |
| Създаване/Редакция | Създаване |
| Дата на регистрацията/редакция | 2020-03-29 |
| Служител, извършил регистрацията/редакцията | Валентина Караджова |
| 999 ## - СИСТЕМНИ КОНТРОЛНИ НОМЕРА | |
| Koha biblioitemnumber | 350282 |
| 999 ## - СИСТЕМНИ КОНТРОЛНИ НОМЕРА | |
| Koha biblioitemnumber | 350282 |
| 999 ## - СИСТЕМНИ КОНТРОЛНИ НОМЕРА | |
| Koha biblioitemnumber | 350282 |
| 999 ## - СИСТЕМНИ КОНТРОЛНИ НОМЕРА | |
| Koha biblioitemnumber | 350161 |
| 999 ## - СИСТЕМНИ КОНТРОЛНИ НОМЕРА | |
| Koha biblioitemnumber | 350161 |
| 999 ## - СИСТЕМНИ КОНТРОЛНИ НОМЕРА | |
| Koha biblioitemnumber | 350124 |
| 999 ## - СИСТЕМНИ КОНТРОЛНИ НОМЕРА | |
| Koha biblioitemnumber | 350124 |
| 999 ## - СИСТЕМНИ КОНТРОЛНИ НОМЕРА | |
| Koha biblioitemnumber | 350108 |
| 999 ## - СИСТЕМНИ КОНТРОЛНИ НОМЕРА | |
| Koha biblioitemnumber | 350108 |
| 999 ## - СИСТЕМНИ КОНТРОЛНИ НОМЕРА | |
| Koha biblioitemnumber | 350108 |
| 999 ## - СИСТЕМНИ КОНТРОЛНИ НОМЕРА | |
| Koha biblioitemnumber | 349788 |
| Код за отписване | Код за изгубен артикул | Източник на класификационната схема | Код за повреда | Коз за рестрикции | Код за отдаване | Артикулен № | Име на библиотеката - собственик | Име на библиотеката, в която се намира в момента | Статус (Текущо местоположение) | Дата на вписване в системата | Местоположение - отдел | Цена в лева | Инвентарен номер | Систематично азбучна сигнатура | Баркод | Цена в евро | Служебен тип на артикула |
|---|---|---|---|---|---|---|---|---|---|---|---|---|---|---|---|---|---|
| Не е изгубен | Universal Decimal Classification | Не е повреден | без рестрикции | заемане за дома | 757801 | Регионална библиотека "Любен Каравелов" Русе | Регионална библиотека "Любен Каравелов" Русе | Отдел Изкуство - подръчен фонд | 2020-04-02 | Отдел Изкуство - подръчен фонд | 3.37 | 379728 | 788/Б 33 А | 120000379728 | 1.72 | Нотни издания |